LEADER 00872cam0-22002891i-450- 001 990006206450403321 005 19980601 035 $a000620645 035 $aFED01000620645 035 $a(Aleph)000620645FED01 035 $a000620645 100 $a19980601d1991----km-y0itay50------ba 101 1 $afre 102 $aFR 105 $ay-------001yy 200 1 $aIslamisme, laicite et droits de l'homme$eun siecle de debat sans cesse reporté au sein de la pensée arabe contemporaine$fMohamed-Cherif Ferjani 210 $aParis$cL'Harmattan$d1991 215 $a397 p.$d21 cm 676 $a323$v20$zita 700 1$aFerjani,$bMohamed-Cherif$0235055 801 0$aIT$bUNINA$gRICA$2UNIMARC 901 $aBK 912 $a990006206450403321 952 $aX A 265$b26213*$fFGBC 959 $aFGBC 996 $aIslamisme, laicite et droits de l'homme$9648125 997 $aUNINA LEADER 01065nam 2200301Ka 450 001 9910696490603321 005 20080222134014.0 035 $a(CKB)5470000002377931 035 $a(OCoLC)196790621 035 $a(EXLCZ)995470000002377931 100 $a20080222d2007 ua 0 101 0 $aeng 181 $ctxt$2rdacontent 182 $cc$2rdamedia 183 $acr$2rdacarrier 200 10$aFinancial management$b[electronic resource] $ereport on the Bureau of the Public Debt Trust Fund Management Branch schedules for selected trust funds as of and for the year ended September 30, 2007 210 1$a[Washington, D.C.] :$cOffice of Inspector General, Dept. of the Treasury,$d[2007] 215 $a2, 18 pages $cdigital, PDF file 225 1 $aAudit report ;$vOIG-08-004 300 $aTitle from title screen (viewed on Feb. 22, 2008). 300 $a"November 5, 2007." 517 $aFinancial management 801 0$bGPO 801 1$bGPO 906 $aBOOK 912 $a9910696490603321 996 $aFinancial Management$9424135 997 $aUNINA